logo

Bir Sreshtho Munshi Abdur Rouf Library
Jhenaidah Cadet College

Mother Teresa, Where There Is Love There is God / (Record no. 5090)

MARC details
000 -LEADER
fixed length control field 00628nam a2200241 a 4500
001 - CONTROL NUMBER
JCCL Control Number 5090
003 - CONTROL NUMBER IDENTIFIER
JCCL marc code BD-JhCC
005 - DATE AND TIME OF LATEST TRANSACTION
control field 20191211134008.0
008 - FIXED-LENGTH DATA ELEMENTS--GENERAL INFORMATION
fixed length control field 171207s n |||| || | 001 0 eng d
020 ## - INTERNATIONAL STANDARD BOOK NUMBER
International Standard Book Number 9780385531788
035 ## - SYSTEM CONTROL NUMBER
system control number (BD-JhCC)5090
040 ## - CATALOGING SOURCE
Original cataloging agency BD-JhCC
Modifying agency BD-JhCC
041 ## - LANGUAGE CODE
Language code of Book eng
082 ## - DEWEY DECIMAL CLASSIFICATION NUMBER
Classification number 241.4
Author mark and Year MOT 2010
100 ## - MAIN ENTRY--PERSONAL NAME
Personal name Teresa, Mother
245 ## - TITLE STATEMENT
Title Mother Teresa, Where There Is Love There is God /
Statement of responsibility, etc Mother Teresa,
260 ## - PUBLICATION, DISTRIBUTION, ETC. (IMPRINT)
Place of publication, distribution, etc New York :
Name of publisher, distributor, etc Doubleday Publishers,
300 ## - PHYSICAL DESCRIPTION
Pagination 362 p. :
Dimensions 21 cm.
650 ## - SUBJECT ADDED ENTRY--TOPICAL TERM
Topical term or geographic name as entry element Christian Life
650 ## - SUBJECT ADDED ENTRY--TOPICAL TERM
Topical term or geographic name as entry element Love- religious
942 ## - ADDED ENTRY ELEMENTS (KOHA)
Source of classification or shelving scheme Dewey Decimal Classification
Koha item type Books
Koha issues (borrowed), all copies 3
Holdings
Source of classification or shelving scheme Damaged status Not for loan Home library Current library Shelving location Date of accession Cost, normal purchase price Total Checkouts Full call number Barcode Date last seen Date checked out Copy number Koha item type
Dewey Decimal Classification     JCC Rouf Library JCC Rouf Library General Stacks 12/07/2017 24.00 2 241.4 MOT 2010 6931 01/29/2020 12/10/2019 C- 1 Books

JCC Library | Contacts | JCC Home

Last Update on 23 September 2017
Copyright @ 2017-2020 JCC Rouf Library
Rouf Library, Jhenidah Cadet College (JCC), Bangladesh